000
00301nam a22001337a 4500
008
181107b xxu||||| |||| 00| 0 eng d
020
_a
9780803617179
041
_a
eng
080
_a
610
100
_a
3
101
_a
SHM
245
_a
S[inal Cord Injury Rehabilation
_c
Field.E.C
942
_2
udc
_c
BK
999
_c
52151
_d
52151